Notes and problems in microeconomic theory / (Record no. 337)
[ view plain ]
| 000 -LEADER | |
|---|---|
| fixed length control field | 00671nam a22001697a 4500 |
| 008 - FIXED-LENGTH DATA ELEMENTS--GENERAL INFORMATION | |
| fixed length control field | 111209t xxu||||| |||| 00| 0 eng d |
| 020 ## - INTERNATIONAL STANDARD BOOK NUMBER | |
| International Standard Book Number | 841020124 |
| 050 ## - LIBRARY OF CONGRESS CALL NUMBER | |
| Classification number | HB171.5.D549 |
| 100 ## - MAIN ENTRY--PERSONAL NAME | |
| Personal name | Bowles, Samuel |
| 245 ## - TITLE STATEMENT | |
| Title | Notes and problems in microeconomic theory / |
| Statement of responsibility, etc. | Samuel Bowles and David Kendrick |
| 260 ## - PUBLICATION, DISTRIBUTION, ETC. | |
| Place of publication, distribution, etc. | Chicago: |
| Name of publisher, distributor, etc. | Markham Publishing Company, |
| Date of publication, distribution, etc. | c1970. |
| 300 ## - PHYSICAL DESCRIPTION | |
| Extent | xi, 200 p.: |
| Other physical details | ill. |
| Dimensions | 23cm. |
| 505 ## - FORMATTED CONTENTS NOTE | |
| Formatted contents note | Contents: Theory of the consumer: Introduction -- Theory of the consumer: Extensions -- Production theory: Part 1 -- Production theory: Part 2 -- Markets -- Income distribution. |
| 650 ## - SUBJECT ADDED ENTRY--TOPICAL TERM | |
| Topical term or geographic name entry element | Microeconomics. |
| 700 ## - ADDED ENTRY--PERSONAL NAME | |
| Personal name | Kendrick, David |
| 942 ## - ADDED ENTRY ELEMENTS (KOHA) | |
| Source of classification or shelving scheme | Library of Congress Classification |
| Koha item type | Books |
| Withdrawn status | Lost status | Source of classification or shelving scheme | Damaged status | Not for loan | Home library | Current library | Shelving location | Date acquired | Total Checkouts | Full call number | Barcode | Date last seen | Price effective from | Koha item type |
|---|---|---|---|---|---|---|---|---|---|---|---|---|---|---|
| Library of Congress Classification | WISCONSIN INTERNATIONAL UNIVERSITY COLLEGE, GHANA - MAIN LIBRARY | WISCONSIN INTERNATIONAL UNIVERSITY COLLEGE, GHANA - MAIN LIBRARY | General Stacks | 09/12/2011 | HB171.5.D549 | 760/11 | 09/12/2011 | 09/12/2011 | Books |
